| 000 -LEADER |
| fixed length control field |
04654cam a22004694a 4500 |
| 001 - CONTROL NUMBER |
| control field |
16162338 |
| 005 - DATE AND TIME OF LATEST TRANSACTION |
| control field |
20170105102853.0 |
| 008 - FIXED-LENGTH DATA ELEMENTS--GENERAL INFORMATION |
| fixed length control field |
100329s2010 nyuab b 001 0 eng |
| 010 ## - LIBRARY OF CONGRESS CONTROL NUMBER |
| LC control number |
2010013627 |
| 015 ## - NATIONAL BIBLIOGRAPHY NUMBER |
| National bibliography number |
GBB098015 |
| Source |
bnb |
| 016 7# - NATIONAL BIBLIOGRAPHIC AGENCY CONTROL NUMBER |
| Record control number |
015629270 |
| Source |
Uk |
| 020 ## - INTERNATIONAL STANDARD BOOK NUMBER |
| International Standard Book Number |
9780230105324 |
| 020 ## - INTERNATIONAL STANDARD BOOK NUMBER |
| International Standard Book Number |
0230105327 |
| 020 ## - INTERNATIONAL STANDARD BOOK NUMBER |
| International Standard Book Number |
9780230105331 (pbk.) |
| 020 ## - INTERNATIONAL STANDARD BOOK NUMBER |
| International Standard Book Number |
0230105335 (pbk.) |
| 035 ## - SYSTEM CONTROL NUMBER |
| System control number |
(OCoLC)ocn500819557 |
| 040 ## - CATALOGING SOURCE |
| Original cataloging agency |
DLC |
| Transcribing agency |
DLC |
| Modifying agency |
YDX |
| -- |
BTCTA |
| -- |
YDXCP |
| -- |
UKM |
| -- |
CDX |
| -- |
PMC |
| -- |
PUL |
| -- |
DLC |
| 042 ## - AUTHENTICATION CODE |
| Authentication code |
pcc |
| 043 ## - GEOGRAPHIC AREA CODE |
| Geographic area code |
t------ |
| -- |
r------ |
| 050 00 - LIBRARY OF CONGRESS CALL NUMBER |
| Classification number |
Q180.A3 |
| Item number |
G56 2010 |
| 082 00 - DEWEY DECIMAL CLASSIFICATION NUMBER |
| Classification number |
509.11 |
| Edition number |
22 |
| 245 00 - TITLE STATEMENT |
| Title |
Globalizing polar science : |
| Remainder of title |
reconsidering the International Polar and Geophysical years / |
| Statement of responsibility, etc. |
edited by Roger D. Launius, James Roger Fleming, and David H. DeVorkin. |
| 250 ## - EDITION STATEMENT |
| Edition statement |
1st ed. |
| 260 ## - PUBLICATION, DISTRIBUTION, ETC. |
| Place of publication, distribution, etc. |
New York : |
| Name of publisher, distributor, etc. |
Palgrave Macmillan, |
| Date of publication, distribution, etc. |
2010. |
| 300 ## - PHYSICAL DESCRIPTION |
| Extent |
xii, 386 p. : |
| Other physical details |
ill., maps ; |
| Dimensions |
24 cm. |
| 490 1# - SERIES STATEMENT |
| Series statement |
Palgrave studies in the history of science and technology |
| 504 ## - BIBLIOGRAPHY, ETC. NOTE |
| Bibliography, etc. note |
Includes bibliographical references and index. |
| 505 0# - FORMATTED CONTENTS NOTE |
| Formatted contents note |
A polar perspective / Michael Aaron Dennis -- Making science global? Coordinated enterprises in nineteenth-century science / Marc Rothenberg -- Publishing arctic science in the nineteenth century : the case of the first International Polar Year / Philip N. Cronenwett -- Toward the poles : a historiography of scientific exploration during the International Polar Years and the International Geophysical Year / Roger D. Launius -- Going global in polar exploration : nineteenth-century American and British nationalism and peacetime science / Christopher Carter -- Swedish polar policies from the first International Polar Year to the present / Lisbeth Lewander -- The polar years and Japan / William R. Stevenson -- China and the International Geophysical Year / Zuoyue Wang and Jiuchen Zhang -- Approaching the southern hemisphere : the German pathway in the nineteenth century / Cornelia Lüdecke -- Sydney Chapman : dynamo behind the International Geophysical Year / Gregory A. Good -- Lloyd Berkner and the International Geophysical Year proposal in context : with some comments onthe implications for the Comité Spéciale de l'Année Géophysique Internationale, CSAGI, request for launching earth orbiting satellites / Allan A. Needell -- Polar and global meteorology in the career of Harry Wexler, 1933-62 / James Rodger Fleming -- Science, environment, and sovereignty : the International Geophysical Year in the Antarctic Peninsula region / Adrian Howkins -- The International Geophysical Year in Antarctica : a triumph of "apolitical" science, politics, and peace / Dian Olson Belanger -- Tracking diplomacy : the International Geophysical Year and American Scientific and Technical Exchange with East Asia / Teasel Muir-Harmony -- Geodesy, time, and the Markowitz Moon Camera Program : an interwoven international geophysical year story / Steven J. Dick -- The International Geophysical Year and planetary science / Erik M. Conway -- Polar politics, historical narratives, and Saami prehistory / Noel D. Broadbent -- Stratospheric ozone depletion and greenhouse gases since the International Geophysical Year : F. Sherwood Rowland and the evolution of earth science / Dasan M. Thamattoor. |
| 520 ## - SUMMARY, ETC. |
| Summary, etc. |
"The International Polar Years and the International Geophysical Year represented a remarkable international collaborative scientific effort that was focused on, but not limited to, understanding the Earth's poles. This groundbreaking collection redresses the surprising failure of historians to explore beyond even a cursory manner the richness of the IPYs and IGY as sites of historical and scientific study. In doing so, it illuminates critical aspects of the last 150 years of international scientific endeavour"-- |
| 650 #0 - SUBJECT ADDED ENTRY--TOPICAL TERM |
| Topical term or geographic name entry element |
Research |
| Geographic subdivision |
Polar Regions |
| General subdivision |
International cooperation |
| -- |
History. |
| 650 #0 - SUBJECT ADDED ENTRY--TOPICAL TERM |
| Topical term or geographic name entry element |
Geophysics |
| General subdivision |
International cooperation. |
| 700 1# - ADDED ENTRY--PERSONAL NAME |
| Personal name |
Launius, Roger D. |
| 700 1# - ADDED ENTRY--PERSONAL NAME |
| Personal name |
Fleming, James Rodger. |
| 700 1# - ADDED ENTRY--PERSONAL NAME |
| Personal name |
DeVorkin, David H., |
| Dates associated with a name |
1944- |
| 830 #0 - SERIES ADDED ENTRY--UNIFORM TITLE |
| Uniform title |
Palgrave studies in the history of science and technology. |
| 856 42 - ELECTRONIC LOCATION AND ACCESS |
| Materials specified |
Contributor biographical information |
| Uniform Resource Identifier |
<a href="http://www.loc.gov/catdir/enhancements/fy1204/2010013627-b.html">http://www.loc.gov/catdir/enhancements/fy1204/2010013627-b.html</a> |
| 856 42 - ELECTRONIC LOCATION AND ACCESS |
| Materials specified |
Publisher description |
| Uniform Resource Identifier |
<a href="http://www.loc.gov/catdir/enhancements/fy1204/2010013627-d.html">http://www.loc.gov/catdir/enhancements/fy1204/2010013627-d.html</a> |
| 856 41 - ELECTRONIC LOCATION AND ACCESS |
| Materials specified |
Table of contents only |
| Uniform Resource Identifier |
<a href="http://www.loc.gov/catdir/enhancements/fy1204/2010013627-t.html">http://www.loc.gov/catdir/enhancements/fy1204/2010013627-t.html</a> |
| 906 ## - LOCAL DATA ELEMENT F, LDF (RLIN) |
| a |
7 |
| b |
cbc |
| c |
orignew |
| d |
1 |
| e |
ecip |
| f |
20 |
| g |
y-gencatlg |
| 942 ## - ADDED ENTRY ELEMENTS (KOHA) |
| Source of classification or shelving scheme |
|
| Koha item type |
Book |